| Tag |
First Indicator |
Second Indicator |
Subfields |
| LEADER |
00000cam a2200000 a 4500 |
| 001 |
in00000073413 |
| 005 |
20151008053456.0 |
| 008 |
810521s1981 nju b 00000 eng d |
| 010 |
|
|
|a 76018054
|
| 020 |
|
|
|a 0809119706
|
| 035 |
|
|
|a (OCoLC)07738805
|
| 035 |
|
|
|9 AAH7548AM
|
| 040 |
|
|
|a NLM
|c NLM
|d TXA
|d UtOrBLW
|
| 049 |
|
|
|a TXAM
|c [387175]
|
| 060 |
|
0 |
|a W 50 B615 1981
|
| 069 |
0 |
|
|a 8103484
|
| 090 |
|
|
|a R724
|b .B47 1981
|
| 245 |
0 |
0 |
|a Bioethics : basic writings on the key ethical questions that surround the major, modern biological possibilities and problems /
|c edited by Thomas A. Shannon.
|
| 250 |
|
|
|a Rev.
|
| 264 |
|
1 |
|a Ramsey, N.J. :
|b Paulist Press,
|c [1981]
|
| 264 |
|
4 |
|c ©1981
|
| 300 |
|
|
|a x, 632 pages ;
|c 23 cm.
|
| 336 |
|
|
|a text
|b txt
|2 rdacontent
|
| 337 |
|
|
|a unmediated
|b n
|2 rdamedia
|
| 338 |
|
|
|a volume
|b nc
|2 rdacarrier
|
| 500 |
|
|
|a Articles reprinted from various sources.
|
| 504 |
|
|
|a Includes bibliographies.
|
| 650 |
|
0 |
|a Medical ethics.
|
| 650 |
|
0 |
|a Bioethics.
|
| 700 |
1 |
|
|a Shannon, Thomas A.
|q (Thomas Anthony),
|d 1940-
|
| 999 |
|
|
|a MARS
|
| 999 |
f |
f |
|s 7d311466-d966-3d91-a281-eef2ca433c9b
|i 8c6b591c-cae5-334f-b48a-678424c339ec
|t 0
|
| 952 |
f |
f |
|p ric
|a Texas A&M University
|b Rellis Campus
|c Joint Library Facility
|d Remote Storage
|t 0
|e R724 .B47 1981
|h Library of Congress classification
|i unmediated -- volume
|m A14806226732
|
| 998 |
f |
f |
|a R724 .B47 1981
|t 0
|l Remote Storage
|